| 000 | 01415nam a2200349 c 4500 | ||
|---|---|---|---|
| 003 | BLK | ||
| 005 | 20250728090103.0 | ||
| 008 | 180411b bul|||||r ||||||| ||bul|| | ||
| 010 | _aKNG00190021000 | ||
| 020 |
_a978-954-389-401-7 _bиздат.: Ера |
||
| 040 | _aBLK | ||
| 041 |
_aBUL _cBUL |
||
| 072 | 7 |
_2bullib _aН83 _xЧужда художествена литература Н |
|
| 080 |
_aАмериканска литература (на САЩ) _b821.111(73) _x-31 _z821.111(73)-31 |
||
| 100 | 1 |
_aСпаркс, Никълъс _eпърви автор _9366848 |
|
| 700 | 1 |
_aАбаджиева, Красимира Светославова _eпрев. от англ. _9383018 |
|
| 139 |
_aСпаркс, Никълъс _bС 55 |
||
| 245 | 1 | 0 |
_aНикога не си сама _bРоман _cНикълъс Спаркс; прев. от англ. Красимира Светославова Абаджиева. |
| 257 | _aUSA | ||
| 260 |
_аСофия _bЕра _c2016 _fСофия : Експреспринт |
||
| 300 |
_a303 с. _c20 см |
||
| 380 | _aX | ||
| 500 | _aОриг. загл. The Guardian / Nicholas Sparks. | ||
| 653 | _aромани | ||
| 659 | _aН | ||
| 852 | _aЦб 282050 | ||
| 856 | 4 |
_qpdf _u |
|
| 856 | 4 |
_qpdf _u |
|
| 942 |
_cKNG _n0 _0151 |
||
| 944 |
_aCR _c22.08.2016 _lЦветелина Шанова _k30531 |
||
| 944 |
_aED _c29.12.2017 _lф / _kЛюдмила_Стоянова |
||
| 999 |
_c181128 _d181128 |
||